Rihanna - Chansons commençant par P - Statistiques

Statistiques générales
  • Ce quiz a été pris 4 fois
  • Le résultat moyen est 1 sur 7
Statistiques - réponses
P % Correct
Pon de Replay
67%
Pour It Up
33%
Photographs
0%
Phresh Out The Runway
0%
Pose
0%
P.S (I'm Still Not Over You)
0%
Push Up On Me
0%
Aucun quiz correspondant
Distribution des résultats
% des personnes avec chaque résultat
Percentile par nombre de réponses
Votre historique - résultats
Vous n’avez pas pris ce quiz